000 00692nam a2200169Ia 4500
008 090711s9999 xx 000 0 und d
082 _b59687
100 _aराजे हेमSांद्र शं.
245 _aनखिSाात्र्े कशी काढावी
260 _b"जगदिश्र्वर पिं्रटिंग प्रेस,"
_c1956
300 _a50
600 _aराजे हेमSांद्र शं.
630 _aनखिSाात्र्े कशी काढावी
700 _aराजे हेमSांद्र शं.
730 _aनखिSाात्र्े कशी काढावी
942 _cBOOK
999 _c285556
_d285556